<?xml version="1.0" encoding="UTF-8"?>
<collection xmlns="http://www.loc.gov/MARC21/slim">
 <record>
  <leader>     na                 </leader>
  <controlfield tag="001">INLIS000000000005732</controlfield>
  <controlfield tag="005">20240212100520</controlfield>
  <datafield tag="035" ind1=" " ind2=" ">
   <subfield code="a">0010-0520005732</subfield>
  </datafield>
  <controlfield tag="008">240212                |          | ind  </controlfield>
  <datafield tag="020" ind1=" " ind2=" ">
   <subfield code="a">9799998115</subfield>
  </datafield>
  <datafield tag="041" ind1=" " ind2=" ">
   <subfield code="a">ind</subfield>
  </datafield>
  <datafield tag="082" ind1=" " ind2=" ">
   <subfield code="a">342</subfield>
  </datafield>
  <datafield tag="084" ind1=" " ind2=" ">
   <subfield code="a">342 JIM p</subfield>
  </datafield>
  <datafield tag="100" ind1="0" ind2=" ">
   <subfield code="a">Jimly Asshiddiqie</subfield>
  </datafield>
  <datafield tag="245" ind1="1" ind2=" ">
   <subfield code="a">Peradilan Konstitusi Di Sepuluh Negara /</subfield>
   <subfield code="c">Jimly Asshiddiqie dan Ahmad Syahrizal</subfield>
  </datafield>
  <datafield tag="250" ind1=" " ind2=" ">
   <subfield code="a">Cet.1.</subfield>
  </datafield>
  <datafield tag="260" ind1=" " ind2=" ">
   <subfield code="a">Jakarta :</subfield>
   <subfield code="b">Sekretariat Jenderal dan Kepaniteraan Mahkamah Konstitusi,</subfield>
   <subfield code="c">2006</subfield>
  </datafield>
  <datafield tag="300" ind1=" " ind2=" ">
   <subfield code="a">XIX, 343 hlm. ; 24 cm ;</subfield>
   <subfield code="c">24 cm</subfield>
  </datafield>
  <datafield tag="500" ind1=" " ind2=" ">
   <subfield code="a">Indeks : Indeks</subfield>
  </datafield>
  <datafield tag="520" ind1=" " ind2=" ">
   <subfield code="a">Buku ini membahas tentang MK di sepuluh negara yaitu Austria, Jerman, Italia, Rusia, Perancis, Taiwan, Hongaria, Korea Selatan, Afrika Selatan dan Thailand. Dengan pokok-pokok bahasan antara lain sejarah pembentukannya, tugas dan wewenangnya, organisasi dan komposisinya, mekanisme pengangkatan hakim dan prosedur constitutional review serta pola hubungannya dengan lembaga lain.terdiri Dari 10 Bab. Bab I Mahkamah Konstitusi Austria. Bab II Mahkamah Konstitusi Negara Federal Jerman. Bab III Mahkamah Konstitusi Italia. Bab IV Council Of Grand Justice Taiwan. Bab V Dewan Konstitusi Perancis. Bab VI Mahkamah Konstitusi Hongaria. Bab VII Mahkamah Konstitusi Federasi Rusia. Bab VIII Mahkamah Konstitusi Korea Selatan. Bab IX Mahkamah Konstitusi Afrika Selatan. Bab X Mahkamah Konstitusi Thailand.</subfield>
  </datafield>
  <datafield tag="650" ind1=" " ind2="4">
   <subfield code="a">1. Hukum Tata Negara</subfield>
  </datafield>
  <datafield tag="650" ind1=" " ind2="4">
   <subfield code="a">2. Konstitusi</subfield>
  </datafield>
  <datafield tag="700" ind1="0" ind2=" ">
   <subfield code="a">Ahmad Syahrizal</subfield>
  </datafield>
  <datafield tag="990" ind1=" " ind2=" ">
   <subfield code="a">07804/MKRI-P/X-2008</subfield>
  </datafield>
  <datafield tag="990" ind1=" " ind2=" ">
   <subfield code="a">00122/MKRI-P/IV-2007</subfield>
  </datafield>
  <datafield tag="990" ind1=" " ind2=" ">
   <subfield code="a">03995/MKRI-P/X-2006</subfield>
  </datafield>
  <datafield tag="990" ind1=" " ind2=" ">
   <subfield code="a">04001/MKRI-P/X-2006</subfield>
  </datafield>
  <datafield tag="990" ind1=" " ind2=" ">
   <subfield code="a">03992/MKRI-P/X-2006</subfield>
  </datafield>
  <datafield tag="990" ind1=" " ind2=" ">
   <subfield code="a">03993/MKRI-P/X-2006</subfield>
  </datafield>
  <datafield tag="990" ind1=" " ind2=" ">
   <subfield code="a">03996/MKRI-P/X-2006</subfield>
  </datafield>
  <datafield tag="990" ind1=" " ind2=" ">
   <subfield code="a">03997/MKRI-P/X-2006</subfield>
  </datafield>
  <datafield tag="990" ind1=" " ind2=" ">
   <subfield code="a">03998/MKRI-P/X-2006</subfield>
  </datafield>
  <datafield tag="990" ind1=" " ind2=" ">
   <subfield code="a">04000/MKRI-P/X-2006</subfield>
  </datafield>
  <datafield tag="990" ind1=" " ind2=" ">
   <subfield code="a">05920/MKRI-P/X-2008</subfield>
  </datafield>
  <datafield tag="990" ind1=" " ind2=" ">
   <subfield code="a">03999/MKRI-P/X-2006</subfield>
  </datafield>
  <datafield tag="990" ind1=" " ind2=" ">
   <subfield code="a">03994/MKRI-P/X-2006</subfield>
  </datafield>
  <datafield tag="990" ind1=" " ind2=" ">
   <subfield code="a">20713/MKRI-P/III-2011</subfield>
  </datafield>
  <datafield tag="990" ind1=" " ind2=" ">
   <subfield code="a">22708/MKRI-P/I-2013</subfield>
  </datafield>
 </record>
</collection>
